| 000 | 00357nam a2200145Ia 4500 | ||
|---|---|---|---|
| 008 | 191201s2008 xx 000 0 und d | ||
| 082 |
_a658.069 _bBAE |
||
| 100 | _aBANERJEE, R.P | ||
| 245 | 0 | _aEthics in Business and Management | |
| 250 | _aRep | ||
| 260 |
_aN.Delhi _bHimalaya Publication House _c2008 |
||
| 300 | _a224 | ||
| 650 | _aMBA | ||
| 942 |
_2ddc _cBK |
||
| 999 |
_c4290 _d4290 |
||